Statement of Comptroller of Currency showing amount of national bank notes outstanding secured by U.S. bonds and by lawful money at beginning of business on dates indicated, with changes during preceding year and preceding month, also kinds and amounts of bonds on deposit to secure national bank notes and public deposits.

Bibliographic Details
Corporate Author: United States. Office of the Comptroller of the Currency
Format: Government Document eBook
Language:English
Published: [Washington] : DC, 1909.
Subjects:
Online Access:Connect to the full text of this electronic document

MARC

Tag First Indicator Second Indicator Subfields
LEADER 00000cam a22000001a 4500
001 in00003632002
005 20190408152408.0
006 m o d f
007 cr bn mmmapmmp
008 141121s1909 dcu o f000 0 eng d
035 |a ebd1909111083 
040 |a UMI  |c UMI  |d UtOrBLW 
086 0 |a T 12.9:909/12 
099 |a T1209-4 
110 1 |a United States.  |b Office of the Comptroller of the Currency.  |0 http://id.loc.gov/authorities/names/n79113015 
245 1 0 |a Statement of Comptroller of Currency showing amount of national bank notes outstanding secured by U.S. bonds and by lawful money at beginning of business on dates indicated, with changes during preceding year and preceding month, also kinds and amounts of bonds on deposit to secure national bank notes and public deposits. 
264 1 |a [Washington] :  |b DC,  |c 1909. 
300 |a 1 online resource (1 ovolumes pages) 
336 |a text  |b txt  |2 rdacontent 
337 |a computer  |b c  |2 rdamedia 
338 |a online resource  |b cr  |2 rdacarrier 
533 |a Electronic reproduction.  |b [Bethesda, Md.] :  |c ProQuest,  |d 2014.  |e digital, PDF file.  |n ProQuest U.S. Executive Branch Documents  |n Mode of access: World Wide Web via ProQuest website. 
588 |a Record is based on online resource; title from PDF title page (ProQuest, last viewed Nov. 2014). Reuse except for individual research requires license from ProQuest, LLC. 
500 |a Electronic resource. 
650 0 |a Bank deposits.  |0 http://id.loc.gov/authorities/subjects/sh85011562 
650 0 |a Bankruptcy.  |0 http://id.loc.gov/authorities/subjects/sh85011601 
650 0 |a Banks and banking.  |0 http://id.loc.gov/authorities/subjects/sh85011609 
650 0 |a Business failures.  |0 http://id.loc.gov/authorities/subjects/sh85018314 
655 7 |a Electronic books.  |2 local 
856 4 0 |u http://proxy.library.tamu.edu/login?url=http://congressional.proquest.com/congressional/docview/t66.d71.t1209-4  |z Connect to the full text of this electronic document  |t 0 
999 f f |s 69f0ba9a-4925-30ca-a4dc-f24433cffeaa  |i 9e8281d0-bfc0-356f-9ca3-2608ff5cfedf  |t 0 
952 f f |a Texas A&M University  |b College Station  |c Electronic Resources  |d Available Online  |t 0  |h No information provided 
998 f f |t 0  |l Available Online